Determinación de las mejores condiciones técnicas a utilizar en la unidad de acondicionamiento para el agua de enfriamiento del Centro de Generación Moín
Shranjeno v:
| Glavni avtor: | |
|---|---|
| Format: | Knjiga |
| Jezik: | Spanish |
| Izdano: |
San José, Costa Rica
2013
|
| Teme: | |
| Oznake: |
Označite
Brez oznak, prvi označite!
|
MARC
| LEADER | 00000nam a22000007a 4500 | ||
|---|---|---|---|
| 003 | 011758 | ||
| 005 | 20221231143913.0 | ||
| 008 | 150908b2013 c a|||| |||| 00| 0 spa d | ||
| 040 | |c cru CEDI | ||
| 090 | |a TFG 6927 | ||
| 100 | |9 1145 |a Chaves Vásquez, Daniela María | ||
| 245 | |a Determinación de las mejores condiciones técnicas a utilizar en la unidad de acondicionamiento para el agua de enfriamiento del Centro de Generación Moín | ||
| 260 | |a San José, Costa Rica |c 2013 | ||
| 500 | |a Proyecto de graduación (licenciatura en ingeniería química)--Universidad de Costa Rica. Facultad de Ingeniería. Escuela de Ingeniería Química | ||
| 650 | |x TRATAMIENTO DEL AGUA |x ANALISIS DEL AGUA |x TORRES DE ENFRIAMIENTO |9 1146 | ||
| 942 | |c TFG | ||
| 999 | |c 13993 |d 13993 | ||
